Impact of Irrigation Technologies Promoted Through Project Extension Approach on Farming System and Crop Productivity in Oluch-Kumira, Kenya (Record no. 215989)

MARC details
000 -LEADER
fixed length control field 00595nam a22001337a 4500
008 - FIXED-LENGTH DATA ELEMENTS--GENERAL INFORMATION
fixed length control field 250806b |||||||| |||| 00| 0 eng d
050 ## - LIBRARY OF CONGRESS CALL NUMBER
Classification number THE S 619 .K4 M35 2021
Item number C.1
100 ## - MAIN ENTRY--PERSONAL NAME
Personal name Makone, Samson Manono
245 ## - TITLE STATEMENT
Title Impact of Irrigation Technologies Promoted Through Project Extension Approach on Farming System and Crop Productivity in Oluch-Kumira, Kenya
260 ## - PUBLICATION, DISTRIBUTION, ETC.
Place of publication, distribution, etc. Kisii
Name of publisher, distributor, etc. Kisii University
Date of publication, distribution, etc. 2021
650 ## - SUBJECT ADDED ENTRY
Topical term or geographic name entry element 1. Irrigation - Kenya. 2. Agricultural innovations - Kenya. 3. Agricultural extension work - Kenya. 4. Crop productivity - Kenya.
942 ## - ADDED ENTRY ELEMENTS (KOHA)
Source of classification or shelving scheme Library of Congress Classification
Koha item type Reference
Holdings
Withdrawn status Lost status Source of classification or shelving scheme Damaged status Not for loan Collection Home library Current library Date acquired Inventory number Total checkouts Full call number Barcode Date last seen Copy number Price effective from Koha item type
    Library of Congress Classification     Special Research Kisii University Library Kisii University Library 08/06/2025 109401   THE S 619 .K4 M35 2021 000000023529 08/06/2025 C.1 08/06/2025 Reference
    Library of Congress Classification     Special Research Kisii University Library Kisii University Library 08/06/2025 100158   THE S 619 .K4 M35 2021 000000023528 08/06/2025 C.2 08/06/2025 Reference